Statistics for Birds by Picture #1

Click here to take the quiz!

General Stats

  • This quiz has been taken 17,767 times
  • The average score is 14 of 18

Answer Stats

Answer% Correct
American Crow
98%
Wild Turkey
98%
Little Owl
96%
Scarlet Macaw
96%
{Bald} Eagle
95%
Ruby-throated Hummingbird
93%
{Emperor} Penguin
90%
Common Gull
89%
Great White Pelican
89%
Canada Goose
88%
Emu
87%
Atlantic Puffin
81%
{Mallard} Duck
69%
Greater Roadrunner
65%
Northern Cardinal
65%
Blue Jay
63%
Andean Condor
46%
Quetzal
21%

Score Distribution

Percentile by Number Answered

Percent of People with Each Score

Your Score History

You have not taken this quiz